01016nam a2200265Ia 4500001001100000003000800011006001900019007001500038008004100053040002100094035002000115050002400135100001100159245008200170260004400252300001000296533015200306650004700458650002500505655002900530700003400559710001700593856012500610999001500735ebr5000900CaPaEBRm u cr cn|||||||||010607s2001 vau s 000 0 eng d aCaPaEBRcCaPaEBR a(OCoLC)5074392514aB386.A5bJ69 2001eb0 aPlato.10aTheaetetush[electronic resource] /cby Plato; translated by Benjamin Jowett. aBlacksburg, VA :bVirginia Tech,c2001. a71 p. aElectronic reproduction.bPalo Alto, Calif. :cebrary,d2010.nAvailable via World Wide Web.nAccess may be limited to ebrary affiliated libraries. 0aKnowledge, Theory ofvEarly works to 1800. 0aPhilosophy, Ancient. 7aElectronic books.2local1 aJowett, Benjamin,d1817-1893.2 aebrary, Inc.40uhttp://site.ebrary.com/lib/rucke/Doc?id=5000900zAn electronic book accessible through the World Wide Web; click to view c3027d3027